000 00882nam a22002297a 4500
005 20121207111431.0
008 121207t xxu||||| |||| 00| 0 eng d
010 _aENG-106276
020 _a9788184841770
_c1350.00
035 _aEN-89809
037 _bDBAD/PUB
040 _aDPL
_bEng
082 _a307.7720954
100 _954009
_aDas, B.C.
245 _aEducation for tribals :
_cby B.C. Das ; foreworded by P.K. Sahoo
_bparticipation and effectiveness /
260 _aNew Delhi
_bRegal Publications
_c2012
270 _aF-159 Rajouri Garden
_bNew Delhi
_e110027
300 _axv,364p.
_c23cm(Hb)
500 _aIncludes bibliographical references and index
942 _2ddc
_cEN
_mDAS
_h307.7720954
999 _c71926
_d71926